Statistics for Most Common US Last Names Starting With K

Click here to take the quiz!

General Stats

  • This quiz has been taken 260 times
  • The average score is 4 of 9

Answer Stats

#name% Correct
438,986King
71%
260,385Kelly
58%
194,067Kim
49%
171,636Kennedy
46%
131,860Knight
41%
94,300Keller
38%
79,685Klein
27%
137,555Kelley
26%
63,023Kramer
17%

Score Distribution

Percentile by Number Answered

Percent of People with Each Score

Your Score History

You have not taken this quiz